Principles of electronic devices and circuits : (Record no. 182162)
[ view plain ]
| 000 -LEADER | |
|---|---|
| fixed length control field | 01369 a2200193 4500 |
| 003 - CONTROL NUMBER IDENTIFIER | |
| control field | Nust |
| 005 - DATE AND TIME OF LATEST TRANSACTION | |
| control field | 20221129102131.0 |
| 020 ## - INTERNATIONAL STANDARD BOOK NUMBER | |
| International Standard Book Number | 8121918510 |
| 040 ## - CATALOGING SOURCE | |
| Transcribing agency | Nust |
| 082 ## - DEWEY DECIMAL CLASSIFICATION NUMBER | |
| Classification number | 621.3815,THE |
| 100 ## - MAIN ENTRY--PERSONAL NAME | |
| Personal name | B L Theraja |
| 9 (RLIN) | 13416 |
| 245 ## - TITLE STATEMENT | |
| Title | Principles of electronic devices and circuits : |
| Remainder of title | Analog and digital / |
| Statement of responsibility, etc. | B L Theraja & R.S.Sedha |
| 260 ## - PUBLICATION, DISTRIBUTION, ETC. | |
| Place of publication, distribution, etc. | New Delhi |
| Name of publisher, distributor, etc. | S.Chand & Copmapany |
| Date of publication, distribution, etc. | 2004 |
| 300 ## - PHYSICAL DESCRIPTION | |
| Extent | 591 p |
| Other physical details | illus |
| Dimensions | 24 cm |
| 505 ## - FORMATTED CONTENTS NOTE | |
| Formatted contents note | Semiconductor Physics (Page-1), P-N Junction Diode (Page-38), Optoelectronic Devices (Page-62), Special Diodes (Page-83), D. C. Power Supplies (Page-98), Regulated Power Supply (Page-133), Bipolar Junction Transistor (Page-150), Load Lines and DC Biased Circuits (Page-179), Transistor Equivalent Circuit and Models (Page-195), Single Stage Transistor Amplifiers (Page-232), Multistage and Feedback Amplifiers (Page-267), Feedback Amplifier (Page-292), Field Effect Transistors (Page-309), Breakdown Devices (Page-331), Sinusoidal and Non sinusoidal Oscillators (Page-347), Modulation and Demodulation (Page-378), Integrated Circuits (Page-405), OP-AMP and its Applications (Page-434), Number Systems and Codes (Page-454), Logic Gates (Page-482), Boolean Algebra and Logic families (Page-511), Electronic Instruments (Page-533). |
| 600 ## - SUBJECT ADDED ENTRY--PERSONAL NAME | |
| Personal name | B L Theraja |
| 9 (RLIN) | 13416 |
| 650 ## - SUBJECT ADDED ENTRY--TOPICAL TERM | |
| Topical term or geographic name entry element | Telecommunication engineering |
| 942 ## - ADDED ENTRY ELEMENTS (KOHA) | |
| Source of classification or shelving scheme | |
| Koha item type | Book |
| Withdrawn status | Lost status | Source of classification or shelving scheme | Damaged status | Not for loan | Permanent Location | Current Location | Shelving location | Date acquired | Full call number | Barcode | Date last seen | Price effective from | Koha item type | Public note |
|---|---|---|---|---|---|---|---|---|---|---|---|---|---|---|
| Military College of Signals (MCS) | Military College of Signals (MCS) | General Stacks | 12/12/2016 | 621.3815,THE | MCS31243 | 12/08/2016 | 12/12/2016 | Book | Almirah No.33, Shelf No.2 |
